| 000 | 00442nam a22001217a 4500 | ||
|---|---|---|---|
| 999 |
_c21382 _d21382 |
||
| 008 | 240906b ||||| |||| 00| 0 eng d | ||
| 100 |
_aCangco, Edilberto G. _eauthor. _960300 |
||
| 245 |
_aManuel Luis Molina Quezon / _cEdilberto G. Cangco. |
||
| 260 |
_aPhilippines; _bPublishers Association of the Philippines, Inc., _cAugust 2019. |
||
| 300 | _aVolume 168, pages 109. | ||
| 700 |
_aCangco, Edilberto G. _eauthor. _960300 |
||
| 942 |
_2ddc _cPER |
||